000 00390nam a2200169Ia 4500
001 20887
003 IN-NITTTR
005 20251114233238.0
008 251113s9999||||xx |||||||||||||| ||eng||
040 _beng
040 _cIN-NITTTR
041 _aeng
082 _a374 G1A
100 _aGeeta Ram,
245 0 _aAdult education :
_bliteracy to liberation /
_cGeeta Ram
942 _2ddc
_cBK
999 _c23517
_d23517